Times nortistas com mais participações no Brasileirão - Statistics

Estatísticas Gerais
  • Esse quiz foi jogado 59 vezes
  • A pontuação média é 4 de 7
Estatísticas das Respostas
Participações Última participação Divisão atual Cidade Melhor colocação Resposta % Correto
27 2005 Série C Belém 10° colocado (2 vezes) Paysandu
100%
17 2026 Série A Belém 7° colocado (1993) Remo
100%
16 1986 Série D Manaus 16° colocado (1975) Nacional-AM
71%
4 1986 Série D Belém 9° colocado (1959) Tuna Luso
67%
7 1983 Sem divisão nacional Manaus 26° colocado (1974) Rio Negro-AM
49%
3 1979 Sem divisão nacional Manaus 24° colocado (1977) Fast Clube
41%
1 1968 Licenciado Manaus 17° colocado (1968) Olímpico-AM
6%
Nenhum quiz correspondente encontrado
Distribuição das Pontuações
Porcentagem de Pessoas com Cada Pontuação
Percentil de Números Respondidos
Sua Pontuação Histórica
Você não jogou esse quiz